Kompilasi masakan ikan sungai /

Bibliographic Details
Other Authors: Patonah Chai Choh
Format: Book
Published: Shah Alam, Selangor: Alaf Dua Puluh satu Sdn Bhd, 2010.
Subjects:
LEADER 00758cam a2200253 7i4500
001 0000063911
005 20151104090000.0
005 ##20151104190500.0
003 ##MY-KlINT
020 # # |a 9789831243781  
039 # 9 |y 201511041905  |z VLOAD 
090 0 0 |a 641.692   |b KOM 
245 0 0 |a Kompilasi masakan ikan sungai /   |c selenggaraan : Patonah Chai Choh. 
260 # # |a Shah Alam, Selangor:   |b Alaf Dua Puluh satu Sdn Bhd,   |c 2010. 
300 # # |a 64m.s:   |b il.wrn;   |c 26cm. 
650 # 0 |a Cooking (fish)  
650 # 0 |a Fish as food  
650 # 0 |a Recipes  
700 0 # |a Patonah Chai Choh  
996 |a ikwas2012.out 
997 |a 2011/847 
997 |a 3000015587  |b IKWS  |c MNF  |d BOK 
998 |a 0000010928 
999 |a 3000015587  |b BOOK  |c Main Non-Fiction  |e INTAN Kampus Wilayah Selatan